000 01416cam a2200373 a 4500
005 20191224042216.0
008 150723s1990 ck ab r a00010 spa d
020 _a9089129145
040 _aCO-BOIAvH
_cCO-BOIAvH
_dCO-BOIAvH
041 0 _aspa
044 _ack
082 0 4 _a333.72
_bI38n
110 2 _aInstituto Nacional de Recursos Naturales Renovables y del Medio Ambiente - Inderena
245 1 0 _aNuevos parques nacionales :
_bColombia.
246 _aNuevos parques nacionales
250 _aPrimera edición.
260 _aBogotá :
_bInderena,
_c1990.
300 _a211 p. :
_bilustraciones a color, mapas ;
_c32 cm.
500 _aIncluye glosario.
504 _aIncluye referencias bibliográficas.
590 _aMaterial de reserva
650 2 6 _aRecursos naturales
_z Colombia.
650 2 6 _aParques nacionales
_z
_vconservación de los recursos naturales
_yColombia
650 2 6 _aÁreas protegidas
_zColombia
650 2 6 _aParques nacionales
_z Colombia.
700 1 _aSánchez Páez, Heliodoro
700 1 _aHernández Camacho, Jorge Ignacio
700 1 _aRodríguez Mahecha, José Vicente
700 1 _aCastaño Uribe, Carlos
700 1 _aNieto Díaz, Margarita
_eilustradora
700 1 _aEcheverry, Hollman
_eilustrador
700 1 _aLandazábal M., César,
_eilustrador
942 _2ddc
_cLIBRO
999 _c17607
_d17607